000 004640000a22001810004500
003 MACL
005 20160130144432.0
008 160130b xxu||||| |||| 00| 0 eng d
040 _aMACL
_cMACL
041 _aEnglish
082 _a800/PAD
100 _aPadmanabhan, A.
_936171
245 _aThe Fictional World of Manohar Malgonkar
260 _bAtlantic Publishers
_c2002
_aNew Delhi
350 _a350
650 _aLitrature
_936172
942 _cBK
_k800/pan
_2ddc
999 _c31536
_d31536